Desingning with spirituality : the creative touch
| Main Author: | |
|---|---|
| Format: | Book |
| Published: |
London :
time life books publishing ,
1993
|
| Subjects: |
MARC
| LEADER | 00000cam a2200000 7i4500 | ||
|---|---|---|---|
| 001 | 0000037607 | ||
| 005 | 20131011.0 | ||
| 008 | 131008 | ||
| 020 | |a 0866366911 | ||
| 090 | 0 | 0 | |a 747 |b KIN |
| 100 | 1 | |a King Carol Soucek | |
| 245 | 1 | 0 | |a Desingning with spirituality : |b the creative touch |c Carol Soucek King |
| 260 | |a London : |b time life books publishing , |c 1993 | ||
| 650 | 0 | |a Interior decoration. | |
| 999 | |a 0001243445 |b Book |c Adult Collection |e Perbadanan Perpustakaan Awam Johor | ||